[Event "14th EUR-ch"]
[Site "Legnica POL"]
[Date "2013.05.15"]
[Round "10"]
[White "Szostko, Jakub"]
[Black "Svana, Peter"]
[Result "0-1"]
[WhiteElo "1850"]
[BlackElo "2255"]
[EventDate "2013.05.05"]
[PlyCount "104"]

1.c4 Nf6 2.Nf3 g6 3.g3 Bg7 4.Bg2 O-O 5.d4 d5 6.cxd5 Nxd5 7.O-O Nc6 8.e4 
Nb6 9.d5 Na5 10.Nc3 c6 11.Nd4 cxd5 12.exd5 e5 13.Nde2 Nac4 14.b3 Nd6 15.
Ba3 f5 16.Rc1 a6 17.Re1 Rf6 18.Na4 Nxa4 19.bxa4 g5 20.Nc3 Rh6 21.h3 Kh8 
22.Rc2 Bd7 23.Rce2 e4 24.Bb2 Nc4 25.Ba1 Ne5 26.Re3 Nd3 27.Rxd3 exd3 28.
Qxd3 Rd6 29.Ne2 Bxa1 30.Rxa1 Qf6 31.Rd1 Bxa4 32.Rc1 Bb5 33.Qd2 f4 34.Nd4 
Bd7 35.g4 Rc8 36.Rxc8+ Bxc8 37.Qc3 Rd8 38.Be4 Qg7 39.Kg2 b5 40.Qc5 Qe5 41.
Bf3 Qd6 42.Qc3 Kg8 43.Be4 Qe5 44.Qd3 Bb7 45.Nf3 Qg7 46.Bf5 Qf7 47.d6 Qd5 
48.Bxh7+ Kh8 49.Qc3+ Kxh7 50.Qc7+ Kh6 51.Qxd8 Qxf3+ 52.Kf1 Qd1# 0-1

[Event "14th EUR-ch"]
[Site "Legnica POL"]
[Date "2013.05.15"]
[Round "10"]
[White "Tari, Aryan"]
[Black "Henseler, Jorgen"]
[Result "1-0"]
[WhiteElo "2385"]
[BlackElo "2093"]
[EventDate "2013.05.05"]
[PlyCount "79"]

1.e4 c5 2.Nf3 Nc6 3.d4 cxd4 4.Nxd4 Nf6 5.Nc3 e5 6.Ndb5 d6 7.Bg5 a6 8.Na3 
b5 9.Nd5 Be7 10.Bxf6 Bxf6 11.c4 b4 12.Nc2 O-O 13.g3 Bg5 14.Bg2 Rb8 15.b3 
f5 16.exf5 Bxf5 17.O-O Qd7 18.Nde3 Bxe3 19.fxe3 Kh8 20.Qd2 Bxc2 21.Qxc2 
Ne7 22.Rxf8+ Rxf8 23.Qd2 a5 24.a3 bxa3 25.Qxa5 Qg4 26.Re1 Nf5 27.Rf1 Qe2 
28.Rxf5 Qxe3+ 29.Kh1 Qc1+ 30.Bf1 Re8 31.Rf2 h6 32.Qd2 Qb1 33.Qa2 Qc1 34.
Kg2 e4 35.Qd2 Qb1 36.Qc2 Qa1 37.c5 e3 38.Qg6 exf2 39.Qxe8+ Kh7 40.Bd3+ 1-0

[Event "14th EUR-ch"]
[Site "Legnica POL"]
[Date "2013.05.15"]
[Round "10"]
[White "Szumilas, Piotr"]
[Black "Pavlicek, Miroslav"]
[Result "1-0"]
[WhiteElo "2198"]
[BlackElo "2014"]
[EventDate "2013.05.05"]
[PlyCount "37"]

1.e4 c5 2.c3 g6 3.d4 cxd4 4.cxd4 Bg7 5.Nc3 d6 6.Nf3 Nf6 7.Bc4 O-O 8.Bb3 
Bg4 9.h3 Bxf3 10.Qxf3 Nc6 11.Be3 Nd7 12.Rd1 Na5 13.Bc2 Nc4 14.Bc1 Rc8 15.
O-O e6 16.Bb1 Qa5 17.Ne2 b5 18.b3 Na3 19.b4 1-0

[Event "14th EUR-ch"]
[Site "Legnica POL"]
[Date "2013.05.15"]
[Round "10"]
[White "Gebigke, Martin"]
[Black "Tomczak, Mikolaj"]
[Result "1/2-1/2"]
[WhiteElo "2158"]
[BlackElo "2002"]
[EventDate "2013.05.05"]
[PlyCount "116"]

1.d4 Nf6 2.c4 g6 3.Nc3 Bg7 4.e4 d6 5.Nf3 O-O 6.Be2 e5 7.O-O Nc6 8.d5 Ne7 
9.b4 a5 10.bxa5 c5 11.a4 Rxa5 12.Ra3 Ne8 13.Kh1 h6 14.Bd2 f5 15.Ne1 Nf6 
16.exf5 gxf5 17.f4 e4 18.Nc2 Ra6 19.Ne3 Qe8 20.Nb5 Qg6 21.Nc7 Ra7 22.Nb5 
Ra6 23.Qe1 Ne8 24.Qh4 Bf6 25.Qh3 Ng7 26.Nd1 Kh7 27.Qb3 Rg8 28.Qh3 h5 29.
Be3 Qh6 30.Bg1 Ng6 31.Qe3 Bd7 32.Qd2 Bd8 33.Rh3 Ne5 34.Qc2 Ng4 35.Ne3 Qg6 
36.Bd1 Re8 37.Qe2 Kg8 38.Bf2 Nxf2+ 39.Qxf2 Kf7 40.Rg3 Qh6 41.Rh3 Qg6 42.
Rg3 Qf6 43.Rg5 Qh6 44.h4 Rf8 45.Rg3 Ne8 46.Rg5 Ng7 47.Bc2 Kg8 48.Rg3 Rf7 
49.Rg5 Kf8 50.Bd1 Qh7 51.Qg3 Rf6 52.Kg1 Ba5 53.Qf2 Be8 54.Qb2 Qh6 55.Nc7 
Rb6 56.Nb5 Ra6 57.Nc7 Rb6 58.Nb5 Ra6 1/2-1/2

[Event "14th EUR-ch"]
[Site "Legnica POL"]
[Date "2013.05.15"]
[Round "10"]
[White "Skytte, Torill"]
[Black "Wenzel, Birger"]
[Result "1/2-1/2"]
[WhiteElo "1922"]
[BlackElo "2110"]
[EventDate "2013.05.05"]
[PlyCount "92"]

1.d4 f5 2.Bf4 Nf6 3.e3 d6 4.Be2 g6 5.h4 h6 6.Nd2 Bg7 7.c3 c6 8.Ngf3 Be6 9.
Qc2 Nbd7 10.O-O-O Qa5 11.a3 b5 12.h5 Nxh5 13.Rxh5 gxh5 14.Nh4 Nf6 15.Nxf5 
Bf8 16.Nxd6+ exd6 17.Qg6+ Ke7 18.Bxd6+ Kxd6 19.Qxf6 Kd7 20.Qxh8 Bxa3 21.
Qh7+ Be7 22.Nf3 Qa1+ 23.Qb1 Qa4 24.Ne5+ Kc7 25.Bf3 Rf8 26.Re1 Bf5 27.Nd3 
b4 28.Kd2 Qb5 29.Rc1 bxc3+ 30.bxc3 Qa6 31.c4 Qa5+ 32.Ke2 Rb8 33.Qc2 Qa3 
34.e4 Bc8 35.Rb1 Rxb1 36.Qxb1 Qc3 37.Qa2 a5 38.d5 Ba6 39.Qd2 Qxc4 40.Qxa5+
Kc8 41.Qd2 cxd5 42.exd5 Bc5 43.g3 Qd4 44.Qe3 Qxd3+ 45.Qxd3 Bxd3+ 46.Kxd3 
Bxf2 1/2-1/2

[Event "14th EUR-ch"]
[Site "Legnica POL"]
[Date "2013.05.15"]
[Round "10"]
[White "Wolff, Peter"]
[Black "Zahariev, Ognyan"]
[Result "1-0"]
[WhiteElo "1962"]
[BlackElo "1913"]
[EventDate "2013.05.05"]
[PlyCount "61"]

1.c4 c5 2.g3 g6 3.Bg2 Bg7 4.Nc3 e5 5.Nf3 d6 6.O-O f5 7.d3 Ne7 8.a3 Nbc6 9.
Rb1 O-O 10.Bd2 h6 11.b4 Kh7 12.Ne1 g5 13.Nc2 Rb8 14.Ne3 b6 15.b5 Nd4 16.
Ned5 Ng6 17.e3 Ne6 18.Qa4 Rf7 19.Rbe1 g4 20.f3 Qe8 21.fxg4 fxg4 22.Rxf7 
Qxf7 23.Rf1 Qd7 24.Ne4 Kh8 25.Nef6 Bxf6 26.Rxf6 Nef8 27.Be4 Qg7 28.Rxd6 
Be6 29.Bc3 Bg8 30.Bxg6 Nxg6 31.Rxg6 1-0

[Event "14th EUR-ch"]
[Site "Legnica POL"]
[Date "2013.05.16"]
[Round "11"]
[White "Nepomnyaschy, Yan"]
[Black "Moiseenko, Olexandr"]
[Result "1-0"]
[WhiteElo "2710"]
[BlackElo "2698"]
[EventDate "2013.05.05"]
[PlyCount "133"]

1.e4 c5 2.Nf3 Nc6 3.Bb5 e6 4.Bxc6 bxc6 5.b3 Ne7 6.Bb2 f6 7.Nh4 e5 8.f4 d6 
9.O-O Be6 10.fxe5 dxe5 11.Kh1 Qd7 12.d3 Nc8 13.Nc3 Be7 14.Qh5+ Bf7 15.Qf3 
O-O 16.Nf5 Nd6 17.Nxe7+ Qxe7 18.Na4 Nb5 19.Qf2 c4 20.dxc4 Nc7 21.Bc1 Ne6 
22.Be3 Rfd8 23.Rad1 Bg6 24.Bc5 Qe8 25.Nc3 Rxd1 26.Rxd1 Rd8 27.Rxd8 Qxd8 
28.Be3 a6 29.h3 h6 30.Qe2 Qa5 31.Qd3 Kh7 32.Kh2 Qb4 33.Kg3 Qa5 34.Kf2 Qb4 
35.Ke2 Qa5 36.Kd1 Qb4 37.Kc1 Qa3+ 38.Kb1 Qa5 39.Kb2 Nf4 40.Qd2 Qc7 41.c5 
Ne6 42.Qd3 Qc8 43.Na4 Nf4 44.Bxf4 exf4 45.Nc3 a5 46.Qd6 f3 47.gxf3 Qxh3 
48.Qxc6 Qxf3 49.Qd7 Bh5 50.c6 Bg4 51.Nd5 h5 52.Qf7 h4 53.c7 Qf2 54.c8=Q 
Bxc8 55.Qh5+ Kg8 56.Qe8+ Kh7 57.Qxc8 f5 58.exf5 h3 59.f6 h2 60.Qh3+ Kg8 
61.Qg4 Qg1 62.Qe6+ Kh7 63.f7 h1=Q 64.f8=Q Qc1+ 65.Kc3 Qa1+ 66.Kc4 Qh4+ 67.
Kb5 1-0

[Event "14th EUR-ch"]
[Site "Legnica POL"]
[Date "2013.05.16"]
[Round "11"]
[White "Eljanov, Pavel"]
[Black "Shimanov, Alexander"]
[Result "1/2-1/2"]
[WhiteElo "2702"]
[BlackElo "2639"]
[EventDate "2013.05.05"]
[PlyCount "53"]

1.d4 d5 2.c4 e6 3.Nc3 Be7 4.cxd5 exd5 5.Bf4 c6 6.Qc2 Nf6 7.e3 Nh5 8.Be5 
Nd7 9.Be2 Nxe5 10.dxe5 g6 11.Bxh5 gxh5 12.O-O-O f6 13.e4 d4 14.exf6 Bxf6 
15.Nf3 Bg4 16.Ne2 Qa5 17.Kb1 O-O-O 18.Nexd4 Bxd4 19.Rxd4 Bxf3 20.Rxd8+ 
Rxd8 21.gxf3 Rd2 22.Qb3 Qe5 23.Qg8+ Kd7 24.Qf7+ Kc8 25.Qg8+ Kd7 26.Qf7+ 
Kc8 27.Qg8+ 1/2-1/2

[Event "14th EUR-ch"]
[Site "Legnica POL"]
[Date "2013.05.16"]
[Round "11"]
[White "Romanov, Evgeny"]
[Black "Navara, David"]
[Result "1-0"]
[WhiteElo "2640"]
[BlackElo "2697"]
[EventDate "2013.05.05"]
[PlyCount "63"]

1.d4 Nf6 2.c4 g6 3.Nf3 Bg7 4.g3 d5 5.cxd5 Nxd5 6.Bg2 Nb6 7.Nc3 Nc6 8.e3 
O-O 9.O-O Re8 10.a3 e5 11.d5 Na5 12.Qc2 e4 13.Nd4 f5 14.Rd1 Nac4 15.a4 Ne5
16.a5 Nbc4 17.b3 Nd6 18.Ba3 a6 19.Na4 Nd3 20.Nc5 Nxc5 21.Qxc5 Bd7 22.Rac1 
Rc8 23.Ne6 Bxe6 24.dxe6 Qe7 25.Qd5 Rcd8 26.Bf1 c6 27.Qc5 Bf8 28.Qb6 Qg7 
29.Rd2 Qf6 30.Bxd6 Bxd6 31.Qxb7 Bxg3 32.Qf7+ 1-0

[Event "14th EUR-ch"]
[Site "Legnica POL"]
[Date "2013.05.16"]
[Round "11"]
[White "Vallejo Pons, Francisco"]
[Black "Tkachiev, Vladislav"]
[Result "1-0"]
[WhiteElo "2695"]
[BlackElo "2632"]
[EventDate "2013.05.05"]
[PlyCount "71"]

1.e4 e5 2.Nf3 Nc6 3.d4 exd4 4.Nxd4 Bc5 5.Nb3 Bb6 6.Nc3 Nf6 7.Bg5 h6 8.Bh4 
O-O 9.Qe2 a5 10.O-O-O a4 11.Nd2 a3 12.e5 axb2+ 13.Kb1 Nd5 14.Nxd5 Qxh4 15.
Ne4 d6 16.Ndf6+ gxf6 17.g3 Qxe4 18.Qxe4 Nxe5 19.f4 f5 20.Qb4 Ng4 21.Bc4 
Ne3 22.Bb3 Nxd1 23.Rxd1 Be6 24.g4 Bxb3 25.cxb3 Rfe8 26.gxf5 Re2 27.Qc3 
Rae8 28.Qg3+ Kh8 29.f6 Rg8 30.Qh3 Rg6 31.a4 Kh7 32.a5 Bxa5 33.Qh5 Re1 34.
Rxe1 Bxe1 35.Qd5 Kg8 36.Qe4 1-0

[Event "14th EUR-ch"]
[Site "Legnica POL"]
[Date "2013.05.16"]
[Round "11"]
[White "Movsesian, Sergei"]
[Black "Mamedov, Nidjat"]
[Result "1-0"]
[WhiteElo "2693"]
[BlackElo "2602"]
[EventDate "2013.05.05"]
[PlyCount "119"]

1.c4 Nf6 2.Nf3 e6 3.g3 d5 4.Bg2 Be7 5.O-O O-O 6.b3 b6 7.Bb2 Bb7 8.e3 c5 9.
Nc3 dxc4 10.bxc4 Nc6 11.Qe2 Qc7 12.Nb5 Qd7 13.Rfd1 a6 14.Nc3 Qc7 15.Rab1 
Rab8 16.Ba1 Rfd8 17.Ne1 Na7 18.Bxb7 Qxb7 19.Rb3 b5 20.cxb5 axb5 21.Nxb5 
Nxb5 22.Bxf6 Bxf6 23.Rdb1 Qe4 24.Rxb5 Qxb1 25.Rxb1 Rxb1 26.Kg2 Rb2 27.Nf3 
Bc3 28.Qc4 Bxd2 29.Qxc5 Rxa2 30.g4 h6 31.h4 Ra4 32.Qc2 Rxg4+ 33.Kh3 Rb4 
34.Nxd2 Rb7 35.Ne4 Rbd7 36.Kg2 Rd5 37.Ng3 Rd2 38.Qc7 R2d7 39.Qf4 Rd5 40.
Qg4 Kh8 41.Nh5 Rg8 42.Nf4 Rf5 43.Nd3 Rd8 44.Qe4 Kg8 45.Ne5 Rd2 46.Qa8+ Kh7
47.Nf3 Rb2 48.Qa3 Rc2 49.Kg3 Kg8 50.Qa8+ Kh7 51.Qe4 Ra2 52.Qb1 Re2 53.Kg2 
Kg8 54.e4 Ra5 55.Nd4 Rea2 56.Qb8+ Kh7 57.Qf8 Kg6 58.Nc6 Rb5 59.e5 Rbb2 60.
Ne7+ 1-0

[Event "14th EUR-ch"]
[Site "Legnica POL"]
[Date "2013.05.16"]
[Round "11"]
[White "Ragger, Markus"]
[Black "Hracek, Zbynek"]
[Result "1/2-1/2"]
[WhiteElo "2666"]
[BlackElo "2628"]
[EventDate "2013.05.05"]
[PlyCount "39"]

1.Nf3 d5 2.d4 Nf6 3.c4 e6 4.g3 Bb4+ 5.Bd2 Be7 6.Bg2 c6 7.Qc2 O-O 8.O-O b6 
9.Rd1 Nbd7 10.Bf4 Bb7 11.Nc3 dxc4 12.Nd2 Nd5 13.Nxc4 Nxf4 14.gxf4 Qc7 15.
e3 Rad8 16.a4 Bb4 17.Na2 Be7 18.Nc3 Bb4 19.Na2 Be7 20.Nc3 1/2-1/2

[Event "14th EUR-ch"]
[Site "Legnica POL"]
[Date "2013.05.16"]
[Round "11"]
[White "Istratescu, Andrei"]
[Black "Kravtsiv, Martyn"]
[Result "1/2-1/2"]
[WhiteElo "2651"]
[BlackElo "2595"]
[EventDate "2013.05.05"]
[PlyCount "131"]

1.d4 Nf6 2.Nf3 e6 3.g3 d5 4.Bg2 Be7 5.O-O O-O 6.c4 dxc4 7.Qa4 a6 8.Qxc4 b5
9.Qc2 Bb7 10.Bd2 Be4 11.Qc1 Bb7 12.Bf4 Nd5 13.Nc3 Nxf4 14.Qxf4 Nd7 15.Rfd1
Qb8 16.Qe3 Re8 17.Ne5 Nxe5 18.Bxb7 Qxb7 19.Qxe5 Rad8 20.Rd3 b4 21.Qe4 Qxe4
22.Nxe4 f5 23.Nd2 c5 24.dxc5 Rxd3 25.exd3 Bxc5 26.Nb3 Be7 27.Rc1 Bf6 28.
Rc4 Bxb2 29.Rxb4 a5 30.Rc4 Rd8 31.d4 Rd5 32.f4 Ba3 33.Kf2 Kf7 34.Ke3 h6 
35.Rc7+ Kf6 36.Nd2 Rb5 37.Nc4 Be7 38.Ra7 g5 39.Rxa5 Rb1 40.Ra6 Re1+ 41.Kd2
Re4 42.Kd3 gxf4 43.gxf4 Rxf4 44.d5 Bc5 45.Rxe6+ Kg7 46.d6 Rd4+ 47.Kc3 Rd5 
48.Re7+ Kf6 49.Rh7 f4 50.Rxh6+ Kg5 51.Re6 f3 52.Re5+ Rxe5 53.Nxe5 Bxd6 54.
Nxf3+ Kg4 55.Nd4 Bxh2 56.a4 Bg3 57.Kc4 Be1 58.Nc2 Bd2 59.Nb4 Kf5 60.a5 Ke6
61.Kb5 Kd6 62.Kb6 Bxb4 63.a6 Bc5+ 64.Kb7 Kd5 65.a7 Bxa7 66.Kxa7 1/2-1/2

[Event "14th EUR-ch"]
[Site "Legnica POL"]
[Date "2013.05.16"]
[Round "11"]
[White "Melkumian, Hrant"]
[Black "Balogh, Csaba"]
[Result "1-0"]
[WhiteElo "2622"]
[BlackElo "2644"]
[EventDate "2013.05.05"]
[PlyCount "59"]

1.d4 d5 2.c4 c6 3.cxd5 cxd5 4.Bf4 Nc6 5.e3 Nf6 6.Nc3 a6 7.Bd3 Bg4 8.Nge2 
e6 9.O-O Bxe2 10.Qxe2 Bd6 11.Bg5 Be7 12.f4 Nd7 13.Qh5 g6 14.Qh6 Bf8 15.Qh3
Be7 16.Bh6 Bf8 17.Bxf8 Nxf8 18.e4 dxe4 19.Bxe4 Nd7 20.d5 exd5 21.Nxd5 Qa5 
22.Rac1 Rd8 23.b4 Qxa2 24.Qc3 O-O 25.Rf2 Qa4 26.Ra1 Qb5 27.Ra5 Nc5 28.bxc5
Rxd5 29.Rxb5 Rd1+ 30.Rf1 1-0

[Event "14th EUR-ch"]
[Site "Legnica POL"]
[Date "2013.05.16"]
[Round "11"]
[White "Wojtaszek, Radoslaw"]
[Black "Lenic, Luka"]
[Result "1/2-1/2"]
[WhiteElo "2701"]
[BlackElo "2621"]
[EventDate "2013.05.05"]
[PlyCount "74"]

1.c4 c5 2.Nf3 Nc6 3.d4 cxd4 4.Nxd4 Nf6 5.Nc3 g6 6.e4 Nxd4 7.Qxd4 d6 8.Be2 
Bg7 9.Be3 O-O 10.Qd2 Bd7 11.O-O Bc6 12.f3 a5 13.b3 Nd7 14.Rab1 Nc5 15.Rfd1
Be5 16.Qe1 Qc7 17.Nd5 Bxd5 18.cxd5 Rfc8 19.Rdc1 Qb6 20.Qd1 Bf4 21.Qd4 
Bxe3+ 22.Qxe3 Na4 23.Qxb6 Nxb6 24.Kf2 Kf8 25.Ke3 e5 26.dxe6 fxe6 27.Bb5 
Ke7 28.h4 e5 29.g3 d5 30.exd5 Nxd5+ 31.Kd2 Rd8 32.Ke2 Rac8 33.Bc4 Nb6 34.
Bd3 Nd5 35.Bc4 Nb6 36.Bd3 Nd5 37.Bc4 Nb6 1/2-1/2

[Event "14th EUR-ch"]
[Site "Legnica POL"]
[Date "2013.05.16"]
[Round "11"]
[White "Saric, Ivan"]
[Black "Berkes, Ferenc"]
[Result "1/2-1/2"]
[WhiteElo "2622"]
[BlackElo "2688"]
[EventDate "2013.05.05"]
[PlyCount "118"]

1.e4 c6 2.Nc3 d5 3.d4 dxe4 4.Nxe4 Bf5 5.Ng3 Bg6 6.h4 h6 7.Nf3 e6 8.Ne5 Bh7
9.Bd3 Bxd3 10.Qxd3 Nd7 11.Nxd7 Qxd7 12.Bf4 Nf6 13.O-O-O Bd6 14.Be5 O-O-O 
15.Qf3 Qe7 16.Kb1 Rd7 17.c4 Rhd8 18.Rc1 c5 19.Bxd6 Qxd6 20.d5 exd5 21.Nf5 
Qe5 22.Rhe1 Ne4 23.Ka1 Qf6 24.cxd5 Rxd5 25.Ne3 Qxf3 26.gxf3 Nxf2 27.Nxd5 
Rxd5 28.Re2 Nd3 29.Rd2 b6 30.b3 Nf4 31.Rxd5 Nxd5 32.Rd1 Nf4 33.Kb2 Kc7 34.
Kc3 h5 35.Re1 Kd6 36.Re4 Nd5+ 37.Kd2 Ne7 38.Kd3 Ng6 39.b4 Ne5+ 40.Ke3 cxb4
41.Rxb4 Kc5 42.Rb1 g6 43.Rc1+ Nc4+ 44.Kd3 b5 45.Re1 a5 46.Re7 Kb4 47.Kc2 
Nd6 48.Rd7 Kc5 49.Kc3 Nf5 50.Rxf7 Nxh4 51.f4 Nf5 52.Rf6 Ne7 53.Kb3 Kd5 54.
Rb6 Kc5 55.Re6 Nd5 56.Rxg6 Nxf4 57.Rg5+ Nd5 58.Rxh5 a4+ 59.Kc2 Kc4 1/2-1/2

[Event "14th EUR-ch"]
[Site "Legnica POL"]
[Date "2013.05.16"]
[Round "11"]
[White "Sargissian, Gabriel"]
[Black "l`Ami, Erwin"]
[Result "1/2-1/2"]
[WhiteElo "2667"]
[BlackElo "2634"]
[EventDate "2013.05.05"]
[PlyCount "150"]

1.c4 e5 2.Nc3 Nc6 3.g3 f5 4.Bg2 Nf6 5.d3 Bb4 6.Bd2 O-O 7.e3 e4 8.a3 Bxc3 
9.Bxc3 d6 10.Ne2 Ne5 11.dxe4 fxe4 12.Bxe5 dxe5 13.h3 Qxd1+ 14.Rxd1 h5 15.
Nc3 Bf5 16.Nd5 Nxd5 17.Rxd5 Rae8 18.Ra5 a6 19.O-O c6 20.Rd1 Kf7 21.b4 Ke6 
22.b5 axb5 23.Ra7 Rd8 24.Rc1 bxc4 25.Rxb7 Rd2 26.Rxc4 Kd6 27.Rc1 Bd7 28.
Rf1 Ra8 29.Bxe4 Rxa3 30.Bg2 Raa2 31.h4 g6 32.Be4 Bf5 33.Bxf5 gxf5 34.Rh7 
c5 35.Rxh5 c4 36.Rh8 Kc7 37.h5 c3 38.h6 Ra6 39.h7 Rh6 40.Kg2 c2 41.Ra8 Rd1
42.Ra1 Rxf1 43.Rxf1 Rxh7 44.Rc1 Kd6 45.Rxc2 e4 46.Rc8 Ke6 47.Rc1 Rh8 48.
Rc6+ Ke5 49.Rg6 Rf8 50.Rh6 Rg8 51.Kh3 Ra8 52.Rh4 Rf8 53.Rh5 Rg8 54.Rh4 Rf8
55.Rf4 Rh8+ 56.Kg2 Rg8 57.g4 fxg4 58.Kg3 Rh8 59.Kxg4 Rg8+ 60.Kh5 Rg2 61.
Kh4 Rg8 62.Rg4 Rf8 63.Kg3 Rf3+ 64.Kg2 Rf8 65.Rg5+ Ke6 66.Ra5 Rg8+ 67.Kf1 
Rb8 68.Ra2 Kf5 69.Ke2 Rd8 70.Rd2 Ra8 71.Rc2 Rd8 72.Rc5+ Ke6 73.Ke1 Ra8 74.
Kd2 Rd8+ 75.Kc2 Rf8 1/2-1/2

[Event "14th EUR-ch"]
[Site "Legnica POL"]
[Date "2013.05.16"]
[Round "11"]
[White "Volkov, Sergei"]
[Black "Fedorchuk, Serhii"]
[Result "0-1"]
[WhiteElo "2610"]
[BlackElo "2660"]
[EventDate "2013.05.05"]
[PlyCount "168"]

1.c4 Nf6 2.g3 e5 3.Bg2 c6 4.d4 Bb4+ 5.Bd2 Bxd2+ 6.Qxd2 d6 7.Nc3 O-O 8.e3 
Be6 9.Rd1 Na6 10.Nf3 e4 11.Ng5 Bg4 12.Rc1 d5 13.cxd5 cxd5 14.f3 exf3 15.
Nxf3 Rc8 16.Ne5 Be6 17.O-O Nb4 18.Ne2 Qb6 19.a3 Nc6 20.Nxc6 Rxc6 21.Rxc6 
Qxc6 22.Rc1 Qd7 23.Nf4 Bf5 24.Qc3 g5 25.Nd3 Bxd3 26.Qxd3 Re8 27.Rf1 Kg7 
28.Rf5 h6 29.Qf1 Re6 30.h4 gxh4 31.Qf4 hxg3 32.Qxg3+ Kf8 33.Qb8+ Kg7 34.
Qg3+ Kf8 35.Qb8+ Kg7 36.Qg3+ Kh7 37.Qf4 Qe7 38.Qf2 Kg7 39.Qg3+ Kf8 40.Qb8+
Kg7 41.Qg3+ Kh7 42.Qf2 Qd6 43.Rf4 Kg8 44.Qg3+ Kf8 45.Qh4 Ng8 46.Qh5 Rg6 
47.Kh1 Nf6 48.Qf5 Kg7 49.Qe5 Qc6 50.Rf2 Qc1+ 51.Bf1 Qd1 52.Qf5 Qg4 53.Bg2 
Qg3 54.Qf4 Qg4 55.Kg1 Qd1+ 56.Rf1 Qh5 57.Rf3 a5 58.Kf1 Kh8 59.Qf5 Qh2 60.
Rf2 Qd6 61.Qf4 Qc6 62.e4 dxe4 63.Kg1 Kg7 64.Kh1 Qd5 65.Qe5 Qxe5 66.dxe5 
Ng4 67.Re2 Rg5 68.Bh3 h5 69.Bxg4 Rxg4 70.Re3 a4 71.b3 Kg6 72.bxa4 Kf5 73.
Rb3 Kxe5 74.Rxb7 f5 75.a5 e3 76.Re7+ Kf4 77.a6 Rg6 78.a7 Ra6 79.Kg2 Rxa3 
80.Kh3 Kf3 81.Kh4 f4 82.Kxh5 e2 83.Kg5 Ra5+ 84.Kh4 Rxa7 0-1

[Event "14th EUR-ch"]
[Site "Legnica POL"]
[Date "2013.05.16"]
[Round "11"]
[White "Zhigalko, Sergei"]
[Black "Yilmaz, Mustafa"]
[Result "1/2-1/2"]
[WhiteElo "2660"]
[BlackElo "2537"]
[EventDate "2013.05.05"]
[PlyCount "73"]

1.e4 c5 2.Nf3 d6 3.d4 cxd4 4.Nxd4 Nf6 5.Nc3 a6 6.Be3 e6 7.f3 b5 8.Qd2 b4 
9.Nd1 Be7 10.c3 bxc3 11.Nxc3 O-O 12.Bc4 Bd7 13.g4 Nc6 14.g5 Nh5 15.Nxc6 
Bxc6 16.Be2 f5 17.Rg1 f4 18.Bf2 Bxg5 19.Bc4 d5 20.exd5 exd5 21.Bxd5+ Bxd5 
22.Qxd5+ Qxd5 23.Nxd5 Rae8+ 24.Kf1 Rf5 25.Rd1 Bf6 26.Nxf6+ Nxf6 27.Rd6 Rd5
28.Rxd5 Nxd5 29.Bd4 g6 30.Rg5 Ne3+ 31.Bxe3 Rxe3 32.Kf2 Rd3 33.Ke2 Re3+ 34.
Kf2 Rd3 35.Ke2 Re3+ 36.Kf2 Rd3 37.Ke2 1/2-1/2

[Event "14th EUR-ch"]
[Site "Legnica POL"]
[Date "2013.05.16"]
[Round "11"]
[White "Zhigalko, Andrei"]
[Black "Zviagintsev, Vadim"]
[Result "0-1"]
[WhiteElo "2603"]
[BlackElo "2655"]
[EventDate "2013.05.05"]
[PlyCount "60"]

1.e4 e6 2.d4 d5 3.Nc3 Nf6 4.e5 Nfd7 5.f4 c5 6.Nf3 Nc6 7.Be3 cxd4 8.Nxd4 
Bc5 9.Qd2 O-O 10.O-O-O a6 11.Nb3 Bb4 12.Kb1 b5 13.h4 Bb7 14.h5 Rc8 15.h6 
g6 16.Rh3 Na5 17.Bd4 Nc4 18.Qe1 a5 19.a3 Bxa3 20.Nxb5 Bb4 21.Bc3 Qb6 22.
Bxb4 axb4 23.Qxb4 Ba6 24.N3d4 Rc5 25.Bxc4 dxc4 26.Ra3 Bxb5 27.Ra5 Rd5 28.
c3 Bc6 29.Qxb6 Nxb6 30.Ra6 Ba4 0-1

[Event "14th EUR-ch"]
[Site "Legnica POL"]
[Date "2013.05.16"]
[Round "11"]
[White "Svetuschin, Dumitru"]
[Black "Safarli, Eltaj"]
[Result "0-1"]
[WhiteElo "2588"]
[BlackElo "2651"]
[EventDate "2013.05.05"]
[PlyCount "92"]

1.e4 c5 2.Nf3 e6 3.d4 cxd4 4.Nxd4 Nf6 5.Nc3 Nc6 6.Ndb5 Bb4 7.a3 Bxc3+ 8.
Nxc3 d5 9.exd5 Nxd5 10.Nxd5 exd5 11.Bd3 Qe7+ 12.Qe2 Qxe2+ 13.Bxe2 Bf5 14.
Bd1 O-O-O 15.O-O Rhe8 16.Bf4 d4 17.Rc1 f6 18.Bg3 Re7 19.h3 Ne5 20.Be2 Rc7 
21.Rfe1 Rd5 22.Bd3 Bxd3 23.cxd3 Rxc1 24.Rxc1+ Nc6 25.Kf1 Kd7 26.Ke2 Rb5 
27.Rb1 a5 28.f4 a4 29.Be1 Rb3 30.Kd2 Nd8 31.Kc2 Ne6 32.g3 Nc5 33.Rd1 Rb6 
34.Bb4 Nb3 35.Re1 Rc6+ 36.Kd1 Rc1+ 37.Ke2 Rc2+ 38.Kf3 Nd2+ 39.Kg4 Rxb2 40.
Re2 Rxb4 41.axb4 Nb1 42.Re4 a3 43.Rxd4+ Kc6 44.Rc4+ Kb5 45.Rc7 b6 46.d4 a2
0-1

[Event "14th EUR-ch"]
[Site "Legnica POL"]
[Date "2013.05.16"]
[Round "11"]
[White "Esen, Baris"]
[Black "Petrosian, Tigran L."]
[Result "1/2-1/2"]
[WhiteElo "2557"]
[BlackElo "2645"]
[EventDate "2013.05.05"]
[PlyCount "113"]

1.d4 d5 2.c4 c6 3.Nf3 Nf6 4.Nc3 dxc4 5.a4 Bf5 6.Ne5 Nbd7 7.Nxc4 Qc7 8.g3 
e5 9.dxe5 Nxe5 10.Bf4 Nfd7 11.Bg2 g5 12.Ne3 gxf4 13.Nxf5 O-O-O 14.Qc2 fxg3
15.hxg3 Kb8 16.Kf1 h5 17.Ne4 Ng6 18.Rd1 Qe5 19.Nd4 Bb4 20.Nd6 Bxd6 21.
Nxc6+ bxc6 22.Qxc6 Nc5 23.Qa8+ Kc7 24.Qc6+ Kb8 25.b4 Rc8 26.Qa8+ Kc7 27.
Qxa7+ Kd8 28.bxc5 Rxc5 29.Qxf7 Qd4 30.Ke1 Qb4+ 31.Kf1 Qd4 32.Ke1 Qc3+ 33.
Kf1 Qd2 34.Qf6+ Kc7 35.Qa1 Qc2 36.Bf3 Ne5 37.Rb1 h4 38.Rxh4 Rxh4 39.gxh4 
Nxf3 40.Qg7+ Kd8 41.Qf6+ Kd7 42.Qf7+ Kd8 43.Qf6+ Be7 44.Rb8+ Kc7 45.Qb6+ 
Kd7 46.Qb7+ Ke6 47.Qxf3 Qd1+ 48.Kg2 Qd5 49.e4 Qh5 50.Qb3+ Kf6 51.Rb6+ Kg7 
52.Qg3+ Kf7 53.Rb5 Rxb5 54.axb5 Qxb5 55.Qg4 Qe5 56.Qf5+ Qxf5 57.exf5 
1/2-1/2

[Event "14th EUR-ch"]
[Site "Legnica POL"]
[Date "2013.05.16"]
[Round "11"]
[White "Aghasarian, Robert"]
[Black "Postny, Evgeny"]
[Result "0-1"]
[WhiteElo "2445"]
[BlackElo "2637"]
[EventDate "2013.05.05"]
[PlyCount "90"]

1.d4 Nf6 2.c4 e6 3.g3 d5 4.Bg2 Bb4+ 5.Nd2 O-O 6.Nf3 dxc4 7.Qc2 Nc6 8.Qxc4 
Bd6 9.Qc2 Re8 10.Nc4 e5 11.dxe5 Bb4+ 12.Ncd2 Nxe5 13.O-O Nxf3+ 14.Nxf3 Qe7
15.a3 Bd6 16.Re1 Qe4 17.Qxe4 Nxe4 18.Bf4 Bxf4 19.gxf4 f6 20.Nd4 Bd7 21.b4 
c6 22.Nb3 Rab8 23.Rac1 Be6 24.Na5 f5 25.Red1 Nf6 26.e3 Kf8 27.a4 a6 28.h3 
Re7 29.Nc4 Rd7 30.Nb6 Rdd8 31.a5 Bb3 32.Re1 Rd2 33.Rb1 Ba2 34.Ra1 Rbd8 35.
Na4 Nd7 36.Bf3 Bb3 37.Nc5 Nxc5 38.bxc5 Bc4 39.Red1 Ke7 40.h4 Ke6 41.Rxd2 
Rxd2 42.Ra4 Bb5 43.Rd4 Rxd4 44.exd4 Bd3 45.Kh2 Be4 0-1

[Event "14th EUR-ch"]
[Site "Legnica POL"]
[Date "2013.05.16"]
[Round "11"]
[White "Hovhannisian, Robert"]
[Black "Yakovenko, Dmitry"]
[Result "1/2-1/2"]
[WhiteElo "2607"]
[BlackElo "2731"]
[EventDate "2013.05.05"]
[PlyCount "82"]

1.e4 c6 2.d4 d5 3.e5 Bf5 4.Nf3 e6 5.Be2 Ne7 6.O-O c5 7.c4 Nbc6 8.dxc5 d4 
9.Qb3 Qc7 10.Rd1 Rd8 11.Na3 a6 12.Nc2 Bxc2 13.Qxc2 Ng6 14.a3 Bxc5 15.b4 
Ba7 16.Bb2 Ngxe5 17.Nxe5 Qxe5 18.Bf3 O-O 19.c5 Bb8 20.g3 Qc7 21.Bxc6 Qxc6 
22.Bxd4 Rd5 23.Be3 Rfd8 24.a4 h5 25.Qb3 Be5 26.Rxd5 exd5 27.Re1 d4 28.Bg5 
Bf6 29.Bxf6 Qxf6 30.Qd3 h4 31.Re4 h3 32.Rh4 g6 33.Rxh3 Qe6 34.Rh4 Qe1+ 35.
Kg2 Qxb4 36.Qc2 Qe1 37.c6 bxc6 38.Qxc6 Qe5 39.Re4 Qf5 40.Rf4 Qd5+ 41.Qxd5 
Rxd5 1/2-1/2

[Event "14th EUR-ch"]
[Site "Legnica POL"]
[Date "2013.05.16"]
[Round "11"]
[White "Nyback, Tomi"]
[Black "Tomashevsky, Evgeny"]
[Result "0-1"]
[WhiteElo "2593"]
[BlackElo "2719"]
[EventDate "2013.05.05"]
[PlyCount "80"]

1.d4 d5 2.c4 c6 3.Nf3 Nf6 4.Nc3 a6 5.c5 Bf5 6.Bf4 Nbd7 7.e3 Nh5 8.Be5 f6 
9.Bg3 e5 10.Be2 Nxg3 11.hxg3 Bg6 12.b4 e4 13.Nd2 f5 14.a4 Qf6 15.Qc1 Be7 
16.b5 O-O 17.bxc6 bxc6 18.a5 Bd8 19.Nb3 Qe6 20.Na4 Nf6 21.Nb6 Ra7 22.Kd2 
Ng4 23.Qf1 Bc7 24.Bxa6 f4 25.gxf4 Bxf4 26.exf4 e3+ 27.Kc3 Nxf2 28.Be2 Rxf4
29.Bf3 Be4 30.Qe2 Bd3 31.Qe1 Nxh1 32.Kxd3 Nf2+ 33.Kc3 Ne4+ 34.Kb2 Ng5 35.
Qg3 Qf6 36.Re1 Nxf3 37.gxf3 Re7 38.Kc3 e2 39.Qg2 Rxf3+ 40.Kb4 Ree3 0-1

[Event "14th EUR-ch"]
[Site "Legnica POL"]
[Date "2013.05.16"]
[Round "11"]
[White "Vachier-Lagrave, Maxime"]
[Black "Pashikian, Arman"]
[Result "1/2-1/2"]
[WhiteElo "2718"]
[BlackElo "2603"]
[EventDate "2013.05.05"]
[PlyCount "102"]

1.d4 Nf6 2.c4 e6 3.Nc3 Bb4 4.e3 O-O 5.Bd3 d5 6.Nf3 c5 7.O-O dxc4 8.Bxc4 
Nc6 9.a3 Ba5 10.Qd3 a6 11.dxc5 Qxd3 12.Bxd3 Bxc3 13.bxc3 Nd7 14.a4 Nxc5 
15.Bc2 Na5 16.Ba3 b6 17.Rfb1 Bd7 18.Rxb6 Rfc8 19.Rb4 f6 20.Rd1 e5 21.Rh4 
Be6 22.Bxh7+ Kf7 23.Bc2 Nc4 24.Bxc5 Rxc5 25.Rb1 Nd6 26.Bb3 Rxc3 27.Bxe6+ 
Kxe6 28.Rhb4 Rac8 29.Kf1 a5 30.Rb6 Rc1+ 31.Ne1 Rxb1 32.Rxb1 Rc4 33.Nd3 Kd5
34.Rd1 Kc6 35.Ra1 Kd5 36.Ke1 Ne4 37.f3 Nc3 38.Kd2 Nxa4 39.h4 Kc6 40.g4 e4 
41.fxe4 Rxe4 42.Nf4 Nc5 43.Rxa5 Rxf4 44.Rxc5+ Kxc5 45.exf4 Kd4 46.g5 fxg5 
47.fxg5 Ke4 48.h5 Kf5 49.h6 gxh6 50.gxh6 Kg6 51.h7 Kxh7 1/2-1/2

[Event "14th EUR-ch"]
[Site "Legnica POL"]
[Date "2013.05.16"]
[Round "11"]
[White "Akopian, Vladimir"]
[Black "Salgado Lopez, Ivan"]
[Result "1/2-1/2"]
[WhiteElo "2705"]
[BlackElo "2598"]
[EventDate "2013.05.05"]
[PlyCount "49"]

1.Nf3 Nf6 2.c4 g6 3.b4 Bg7 4.Bb2 O-O 5.g3 c6 6.Bg2 d5 7.cxd5 Nxd5 8.Bxg7 
Kxg7 9.Qc2 Qb6 10.a3 a5 11.e4 Nf6 12.bxa5 Rxa5 13.O-O Bg4 14.Nc3 Nbd7 15.
Rab1 Qa7 16.a4 e5 17.Rb4 Bxf3 18.Bxf3 Rd8 19.Be2 Nc5 20.d3 Rd4 21.Rfb1 
Nfd7 22.Bg4 Nf6 23.Be2 Nfd7 24.Bg4 Nf6 25.Be2 1/2-1/2